[Event "Eurasia Open Cup 2018"]
[Site "Jekaterienburg"]
[Date "2018.08.04"]
[Round "4"]
[White "Artemiev, Vladislav"]
[Black "Badmatsyrenov, Oleg"]
[Result "1-0"]
[WhiteElo "2702"]
[BlackElo "2454"]
[Annotator "TA"]
[PlyCount "77"]
[EventDate "2018.08.01"]
[EventType "swiss"]
[EventCountry "RUS"]
[SourceTitle "playchess.com"]
[Source "ChessBase"]
[SourceQuality "1"]

{[%evp 27,77,37,50,39,46,52,60,47,63,56,60,38,31,59,68,62,51,27,56,52,66,56,53,54,61,55,53,65,125,132,132,140,140,108,118,116,238,0,424,75,70,68,62,60,528,524,560,166,29941,12842,6203,6127]} 1. e4 {Mekhitarian,K} e5 2. Nf3 Nc6 3. Nc3 Nf6 4. Bb5 Bb4 5. O-O O-O 6. d3 d6 7. Ne2 Ne7 8. c3 Ba5 9. Ng3 c6 10. Ba4 Ng6 11. d4 h6 {C49: Vierspringerspiel (Symmetrische Variante)} 12. Be3 Re8 13. Bc2 Be6 14. h3 Qc7 {LiveBook: 3 Partien} 15. Qc1 Bb6 16. a4 a5 17. Re1 Rad8 18. b3 {[#]} Ba7 $146 ({Vorgänger:} 18... Bc8 19. c4 exd4 20. Nxd4 {1-0 (53) Naiditsch,A (2686)-Morozevich,A (2683) Novi Sad 2016 CBM 176 [Mekhitarian,K]}) 19. Qb2 d5 20. dxe5 Nxe5 21. Bxa7 Nxf3+ 22. gxf3 {Droht stark Le3.} b6 $1 23. e5 Nd7 24. f4 {zielt auf f5 ab.} Bxh3 25. Kh2 Bg4 26. Bf5 Bxf5 27. Nxf5 Nf8 (27... g6 $1 $14) 28. Rg1 $16 Ng6 29. Qe2 Qxa7 30. Qh5 Kf8 {[#]} 31. Rg4 $1 b5 (31... Re6 $16 {war angesagt.}) 32. Ra2 $2 $40 {[%mdl 128] Schwarz muss sich nun genau verteidigen.} (32. Kg3 $18) 32... Qc5 $2 {[%mdl 8192]} (32... bxa4 $11 33. bxa4 c5) 33. Nxg7 $2 (33. Rxg6 $18 {ist viel giftiger.} fxg6 34. Qxg6) 33... Kxg7 34. f5 Rxe5 35. Rxg6+ $1 Kf8 $2 {[%mdl 8192]} (35... fxg6 $14 36. Qxg6+ Kf8 37. Qf6+ (37. Qxh6+ Ke8 $11) 37... Kg8 38. Qxe5 Qd6 39. Qxd6 Rxd6) 36. Rxh6 $18 {Weiss droht Th8+ und Matt.} Ke7 {[#]} 37. axb5 $2 ({Nicht} 37. f4 Rg8 $14) (37. b4 $1 {[%mdl 512]} Qb6 (37... axb4 38. axb5) 38. axb5) 37... Qxb5 $2 (37... cxb5 $18 38. Ra6 Re4) 38. Qg5+ Kd7 {[#]} 39. Rd6+ $1 {[%mdl 512] Precision: Weiß = 58%, Schwarz = 36%.} 1-0

[Event "Eurasia Open Cup 2018"]
[Site "Jekaterienburg"]
[Date "2018.08.04"]
[Round "4"]
[White "Kryakvin, Dmitry"]
[Black "Kozionov, Kirill"]
[Result "1-0"]
[WhiteElo "2591"]
[BlackElo "2461"]
[Annotator "ChessBase"]
[PlyCount "81"]
[EventDate "2018.08.01"]
[EventType "swiss"]
[EventCountry "RUS"]
[SourceTitle "playchess.com"]
[Source "ChessBase"]
[SourceQuality "1"]
[TimeControl "5400+30"]

1. d4 {[%emt 0:00:00]} d5 {[%emt 0:00:00]} 2. c4 {[%emt 0:00:00]} dxc4 {[%emt 0:00:00]} 3. e3 {[%emt 0:00:00]} Nf6 {[%emt 0:00:00]} 4. Bxc4 {[%emt 0:00:00]} e6 {[%emt 0:00:03]} 5. Nf3 {[%emt 0:00:00]} c5 {[%emt 0:00:00]} 6. O-O {[%emt 0:00:04]} a6 {[%emt 0:00:16]} 7. b3 {[%emt 0:00:06]} cxd4 {[%emt 0:00:31]} 8. Nxd4 {[%emt 0:00:30]} Bd7 {[%emt 0:00:07]} 9. Bb2 {[%emt 0:00:00]} Nc6 {[%emt 0:00:08]} 10. Nd2 {[%emt 0:00:35]} Be7 {[%emt 0:00:11]} 11. Be2 {[%emt 0:03:01]} O-O {[%emt 0:12:50]} 12. Rc1 {[%emt 0:07:47]} Nxd4 {[%emt 0:21:52]} 13. Bxd4 {[%emt 0:00:08]} Bc6 {[%emt 0:04:50]} 14. Nc4 {[%emt 0:01:35]} Nd5 {[%emt 0:06:32]} 15. Qd2 {[%emt 0:05:07]} Bf6 {[%emt 0:01:01]} 16. Rfd1 {[%emt 0:11:55]} Bxd4 {[%emt 0:10:53]} 17. Qxd4 {[%emt 0:00:33]} Qe7 {[%emt 0:02:56]} 18. Na5 {[%emt 0:18:24]} Rfc8 {[%emt 0:03:25]} 19. Nxc6 {[%emt 0:03:26]} Rxc6 {[%emt 0:00:34]} 20. Rxc6 {[%emt 0:00:35]} bxc6 {[%emt 0:00:04]} 21. Qc4 {[%emt 0:05:16]} Qb7 {[%emt 0:04:02]} 22. Rc1 {[%emt 0:01:25]} Ne7 {[%emt 0:01:38]} 23. h4 {[%emt 0:02:56]} Qb6 {[%emt 0:07:15]} 24. h5 {[%emt 0:04:45]} h6 {[%emt 0:00:11]} 25. Qc5 {[%emt 0:02:13]} Qxc5 {[%emt 0:01:59]} 26. Rxc5 {[%emt 0:00:42]} a5 {[%emt 0:00:16]} 27. Bf3 {[%emt 0:01:05]} Ra6 {[%emt 0:03:03]} 28. Rc4 {[%emt 0:04:43]} Nd5 {[%emt 0:01:18]} 29. Be2 {[%emt 0:03:54]} Kf8 {[%emt 0:01:01]} 30. Kf1 {[%emt 0:02:08]} Ra8 {[%emt 0:05:11]} 31. e4 {[%emt 0:01:59]} Nf6 {[%emt 0:02:25]} 32. Ke1 {[%emt 0:02:23]} Ke7 {[%emt 0:00:58]} 33. Rxc6 {[%emt 0:00:36]} Ra7 {[%emt 0:03:27]} 34. Rc4 {[%emt 0:01:51]} Nd7 {[%emt 0:01:10]} 35. Kd2 {[%emt 0:00:44]} Kd6 {[%emt 0:00:00]} 36. Ke3 {[%emt 0:01:33]} e5 {[%emt 0:00:23]} 37. Rc8 {[%emt 0:00:55]} Nc5 {[%emt 0:04:27]} 38. Bc4 {[%emt 0:01:11]} Ne6 {[%emt 0:00:33]} 39. Bxe6 {[%emt 0:00:38]} Kxe6 {[%emt 0:00:05]} 40. Rc6+ {[%emt 0:00:57]} Kd7 {[%emt 0:00:13]} 41. Rc4 {[%emt 0:01:24]} 1-0

[Event "Eurasia Open Cup 2018"]
[Site "Jekaterienburg"]
[Date "2018.08.04"]
[Round "4"]
[White "Shaposhnikov, Evgeny"]
[Black "Shinkevich, Vitaly"]
[Result "1/2-1/2"]
[WhiteElo "2588"]
[BlackElo "2437"]
[Annotator "TA"]
[PlyCount "79"]
[EventDate "2018.08.01"]
[EventType "swiss"]
[EventCountry "RUS"]
[SourceTitle "playchess.com"]
[Source "ChessBase"]
[SourceQuality "1"]

{[%evp 16,79,22,0,17,0,12,15,16,17,27,8,4,-8,9,-8,-8,-16,-15,-12,-12,-18,-13,-24,0,0,0,0,0,0,0,0,18,-16,-12,-3,0,-12,-20,-16,-16,-18,-16,-16,-14,-18,20,9,27,0,0,0,0,0,0,-29,0,-35,0,0,0,-39,0,0,0,-22]} 1. Nf3 Nf6 2. c4 g6 3. d4 Bg7 4. e3 {[%cal Be2e3,Be3e4][%mdl 32]} O-O 5. Be2 d5 (5... c5 6. d5 d6 7. Nc3 e6 8. O-O exd5 9. cxd5 Na6 10. Nd2 Re8 11. e4 Rb8 12. a4 Nb4 13. f3 Nd7 14. Kh1 a6 15. a5 b5 {½-½ (43) Caruana,F (2816)-Vachier Lagrave,M (2789) Leuven 2018}) 6. cxd5 {E60: King's Indian: Unusual lines and Fianchetto Variation without Nc3} Nxd5 7. e4 Nb6 8. O-O Nc6 9. d5 {LiveBook: 3 Games} Ne5 10. a4 $146 ({Predecessor:} 10. Nxe5 Bxe5 11. a4 a5 12. Qb3 e6 13. Bf3 exd5 14. exd5 {½-½ (27) Krishna,C (2401)-Puranik,A (2469) Abu Dhabi 2016}) 10... Nxf3+ 11. Bxf3 e6 12. Nc3 exd5 13. exd5 (13. a5 $5 {[%cal Ra5b6]} Nd7 14. exd5 $11) 13... Nc4 14. a5 a6 15. Be2 Nd6 16. Bf4 Re8 17. Re1 Bf5 18. Rc1 Rc8 19. Qd2 Qd7 20. f3 {[#] And now g4 would win.} h5 21. b3 Qd8 22. Bg5 Bf6 23. h4 Bxg5 24. Qxg5 Qxg5 25. hxg5 Kg7 26. Na4 Re5 27. Bc4 Rce8 28. Rxe5 Rxe5 29. Nc5 Bc8 30. f4 Re7 31. Bd3 f6 32. b4 (32. Ne4 $5 Nxe4 33. Bxe4 $15) 32... fxg5 33. fxg5 Nf7 34. Bf1 Kf8 35. Rc3 Kg7 36. Bd3 Nd6 37. Bc2 Nf7 38. Bd3 Nd6 39. Kf2 Nf7 $1 40. Rc1 {Precision: White = 53%, Black = 58%.} 1/2-1/2

[Event "Eurasia Open Cup 2018"]
[Site "Jekaterienburg"]
[Date "2018.08.04"]
[Round "4"]
[White "Chigaev, Maksim"]
[Black "Kabanov, Nikolai"]
[Result "1/2-1/2"]
[WhiteElo "2577"]
[BlackElo "2475"]
[Annotator "ChessBase"]
[PlyCount "133"]
[EventDate "2018.08.01"]
[EventType "swiss"]
[EventCountry "RUS"]
[SourceTitle "playchess.com"]
[Source "ChessBase"]
[SourceQuality "1"]
[TimeControl "5400+30"]

1. e4 {[%emt 0:00:00]} c5 {[%emt 0:00:00]} 2. Nf3 {[%emt 0:00:00]} e6 {[%emt 0:00:00]} 3. d3 {[%emt 0:03:51]} d5 {[%emt 0:01:21]} 4. Nbd2 {[%emt 0:00:00]} Nc6 {[%emt 0:00:46]} 5. g3 {[%emt 0:00:30]} g6 {[%emt 0:00:35]} 6. Bg2 {[%emt 0:00:07]} Bg7 {[%emt 0:00:06]} 7. O-O {[%emt 0:00:12]} Nge7 {[%emt 0:00:08]} 8. Re1 {[%emt 0:00:17]} b6 {[%emt 0:01:15]} 9. c3 {[%emt 0:07:34]} a5 {[%emt 0:02:24]} 10. a4 {[%emt 0:00:29]} Ba6 {[%emt 0:00:37]} 11. exd5 {[%emt 0:00:46]} exd5 {[%emt 0:01:29]} 12. Nb3 {[%emt 0:02:09]} O-O {[%emt 0:09:51]} 13. d4 {[%emt 0:00:02]} c4 {[%emt 0:00:29]} 14. Nbd2 {[%emt 0:00:32]} Nf5 {[%emt 0:00:30]} 15. Nf1 {[%emt 0:01:11]} Ra7 {[%emt 0:01:10]} 16. Bf4 {[%emt 0:04:27]} Bc8 {[%emt 0:05:40]} 17. b3 {[%emt 0:15:47]} cxb3 {[%emt 0:03:21]} 18. Qxb3 {[%emt 0:00:11]} Ba6 {[%emt 0:01:28]} 19. Ne5 {[%emt 0:07:03]} Nxe5 {[%emt 0:02:46]} 20. Bxe5 {[%emt 0:01:08]} Bc4 {[%emt 0:00:24]} 21. Qb2 {[%emt 0:00:44]} Re8 {[%emt 0:08:07]} 22. Nd2 {[%emt 0:06:47]} Bd3 {[%emt 0:08:26]} 23. Qb3 {[%emt 0:08:43]} Rd7 {[%emt 0:01:00]} 24. Bxg7 {[%emt 0:02:55]} Nxg7 {[%emt 0:00:48]} 25. Rxe8+ {[%emt 0:04:24]} Nxe8 {[%emt 0:00:00]} 26. Nf3 {[%emt 0:00:40]} Bc4 {[%emt 0:02:55]} 27. Qb2 {[%emt 0:03:00]} Rd6 {[%emt 0:01:10]} 28. Ne5 {[%emt 0:02:32]} Ba6 {[%emt 0:00:33]} 29. Re1 {[%emt 0:00:00]} Nf6 {[%emt 0:02:08]} 30. Qc1 {[%emt 0:05:48]} Nd7 {[%emt 0:02:03]} 31. Ng4 {[%emt 0:05:22]} h5 {[%emt 0:03:28]} 32. Qf4 {[%emt 0:01:16]} Nf6 {[%emt 0:02:31]} 33. Ne5 {[%emt 0:00:09]} b5 {[%emt 0:07:08]} 34. axb5 {[%emt 0:00:45]} Bxb5 {[%emt 0:00:00]} 35. h3 {[%emt 0:02:00]} Be8 {[%emt 0:00:26]} 36. g4 {[%emt 0:00:32]} a4 {[%emt 0:00:35]} 37. g5 {[%emt 0:01:34]} Ne4 {[%emt 0:02:13]} 38. c4 {[%emt 0:06:10]} Nxg5 {[%emt 0:00:44]} 39. cxd5 {[%emt 0:05:26]} Rxd5 {[%emt 0:05:04]} 40. Nxg6 {[%emt 0:00:00]} Rxd4 {[%emt 0:01:16]} 41. Rxe8+ {[%emt 0:00:11]} Qxe8 {[%emt 0:00:05]} 42. Qxd4 {[%emt 0:00:06]} fxg6 {[%emt 0:00:44]} 43. Qf6 {[%emt 0:00:36]} Qe1+ {[%emt 0:06:29]} 44. Kh2 {[%emt 0:00:11]} Qa5 {[%emt 0:00:07]} 45. Qxg6+ {[%emt 0:01:12]} Kf8 {[%emt 0:00:08]} 46. Qd6+ {[%emt 0:00:07]} Kg7 {[%emt 0:00:25]} 47. Bd5 {[%emt 0:03:50]} Qc3 {[%emt 0:02:11]} 48. Qe7+ {[%emt 0:01:07]} Kh6 {[%emt 0:00:15]} 49. Qf8+ {[%emt 0:00:43]} Qg7 {[%emt 0:03:28]} 50. Qf4 {[%emt 0:00:36]} Qc3 {[%emt 0:06:48]} 51. h4 {[%emt 0:00:36]} Qh3+ {[%emt 0:00:07]} 52. Kg1 {[%emt 0:00:04]} Qg4+ {[%emt 0:00:05]} 53. Qxg4 {[%emt 0:00:05]} hxg4 {[%emt 0:00:03]} 54. hxg5+ {[%emt 0:00:06]} Kxg5 {[%emt 0:00:03]} 55. Kg2 {[%emt 0:00:13]} Kf4 {[%emt 0:00:13]} 56. Ba2 {[%emt 0:00:06]} a3 {[%emt 0:00:11]} 57. Bb1 {[%emt 0:00:58]} Kg5 {[%emt 0:00:52]} 58. Kg3 {[%emt 0:00:10]} Kh5 {[%emt 0:00:19]} 59. Kf4 {[%emt 0:00:49]} Kh4 {[%emt 0:00:08]} 60. Ba2 {[%emt 0:00:12]} Kh3 {[%emt 0:00:55]} 61. Bd5 {[%emt 0:00:10]} Kh4 {[%emt 0:00:39]} 62. Be6 {[%emt 0:00:11]} Kh3 {[%emt 0:00:09]} 63. Bd5 {[%emt 0:00:55]} Kh4 {[%emt 0:00:09]} 64. Be6 {[%emt 0:01:02]} Kh3 {[%emt 0:00:17]} 65. Bxg4+ {[%emt 0:00:05]} Kg2 {[%emt 0:00:08]} 66. Be6 {[%emt 0:00:04]} Kxf2 {[%emt 0:00:10]} 67. Ke4 {[%emt 0:00:05]} 1/2-1/2

[Event "Eurasia Open Cup 2018"]
[Site "Jekaterienburg"]
[Date "2018.08.04"]
[Round "4"]
[White "Pridorozhni, Aleksei"]
[Black "Sarana, Alexey"]
[Result "1/2-1/2"]
[WhiteElo "2564"]
[BlackElo "2613"]
[Annotator "ChessBase"]
[PlyCount "73"]
[EventDate "2018.08.01"]
[EventType "swiss"]
[EventCountry "RUS"]
[SourceTitle "playchess.com"]
[Source "ChessBase"]
[SourceQuality "1"]
[TimeControl "5400+30"]

1. e4 {[%emt 0:00:00]} c5 {[%emt 0:00:00]} 2. Nc3 {[%emt 0:01:44]} d6 {[%emt 0:00:00]} 3. d4 {[%emt 0:00:11]} cxd4 {[%emt 0:00:46]} 4. Qxd4 {[%emt 0:00:06]} Nc6 {[%emt 0:00:18]} 5. Qd2 {[%emt 0:00:04]} g6 {[%emt 0:00:34]} 6. b3 {[%emt 0:00:08]} Bh6 {[%emt 0:01:56]} 7. f4 {[%emt 0:00:28]} Nf6 {[%emt 0:00:28]} 8. Bb2 {[%emt 0:00:06]} a5 {[%emt 0:00:08]} 9. a4 {[%emt 0:00:04]} O-O {[%emt 0:00:08]} 10. O-O-O {[%emt 0:00:08]} e5 {[%emt 0:00:52]} 11. g3 {[%emt 0:00:46]} Qb6 {[%emt 0:04:52]} 12. Kb1 {[%emt 0:00:19]} Be6 {[%emt 0:04:21]} 13. Nf3 {[%emt 0:05:58]} Rfd8 {[%emt 0:01:41]} 14. Ng5 {[%emt 0:10:04]} Bxg5 {[%emt 0:14:09]} 15. fxg5 {[%emt 0:07:36]} Ng4 {[%emt 0:06:58]} 16. Nd5 {[%emt 0:00:18]} Bxd5 {[%emt 0:00:03]} 17. exd5 {[%emt 0:06:37]} Nb4 {[%emt 0:00:14]} 18. Rc1 {[%emt 0:00:05]} Nf2 {[%emt 0:05:59]} 19. Rg1 {[%emt 0:01:23]} Ne4 {[%emt 0:08:05]} 20. Qg2 {[%emt 0:00:13]} Nxg5 {[%emt 0:00:15]} 21. Bc4 {[%emt 0:00:07]} Qe3 {[%emt 0:00:24]} 22. Rce1 {[%emt 0:04:20]} Qf3 {[%emt 0:08:53]} 23. h4 {[%emt 0:07:27]} Qxg2 {[%emt 0:01:29]} 24. Rxg2 {[%emt 0:00:12]} Nf3 {[%emt 0:00:36]} 25. Re3 {[%emt 0:00:06]} Nd4 {[%emt 0:00:11]} 26. Bxd4 {[%emt 0:00:22]} exd4 {[%emt 0:00:57]} 27. Re4 {[%emt 0:05:39]} Re8 {[%emt 0:00:02]} 28. Rxd4 {[%emt 0:00:07]} Re3 {[%emt 0:03:54]} 29. Kb2 {[%emt 0:05:32]} h5 {[%emt 0:00:40]} 30. c3 {[%emt 0:00:45]} Na6 {[%emt 0:01:54]} 31. Bxa6 {[%emt 0:10:00]} Rxa6 {[%emt 0:00:01]} 32. Rc4 {[%emt 0:00:06]} Kf8 {[%emt 0:00:02]} 33. Rc8+ {[%emt 0:00:05]} Re8 {[%emt 0:09:20]} 34. Rc7 {[%emt 0:07:41]} Re7 {[%emt 0:00:02]} 35. Rc8+ {[%emt 0:00:12]} Re8 {[%emt 0:00:03]} 36. Rc7 {[%emt 0:00:06]} Re7 {[%emt 0:00:03]} 37. Rc8+ {[%emt 0:00:25]} 1/2-1/2

[Event "Eurasia Open Cup 2018"]
[Site "Jekaterienburg"]
[Date "2018.08.04"]
[Round "4"]
[White "Bocharov, Ivan"]
[Black "Rozum, Ivan"]
[Result "1-0"]
[WhiteElo "2552"]
[BlackElo "2581"]
[Annotator "ChessBase"]
[PlyCount "87"]
[EventDate "2018.08.01"]
[EventType "swiss"]
[EventCountry "RUS"]
[SourceTitle "playchess.com"]
[Source "ChessBase"]
[SourceQuality "1"]
[TimeControl "5400+30"]

1. e4 {[%emt 0:00:00]} c6 {[%emt 0:00:00]} 2. d4 {[%emt 0:00:00]} d5 {[%emt 0:00:06]} 3. e5 {[%emt 0:00:00]} Bf5 {[%emt 0:00:26]} 4. Nf3 {[%emt 0:00:00]} e6 {[%emt 0:00:07]} 5. Be2 {[%emt 0:00:00]} Ne7 {[%emt 0:02:56]} 6. O-O {[%emt 0:00:16]} Nc8 {[%emt 0:01:37]} 7. b3 {[%emt 0:04:15]} Be7 {[%emt 0:00:13]} 8. c4 {[%emt 0:00:35]} O-O {[%emt 0:00:06]} 9. Nc3 {[%emt 0:00:26]} Nd7 {[%emt 0:04:02]} 10. h3 {[%emt 0:04:55]} f6 {[%emt 0:03:35]} 11. exf6 {[%emt 0:01:20]} Bxf6 {[%emt 0:02:31]} 12. Bd3 {[%emt 0:00:59]} Bxd3 {[%emt 0:05:21]} 13. Qxd3 {[%emt 0:00:02]} dxc4 {[%emt 0:02:37]} 14. Qxc4 {[%emt 0:04:39]} Re8 {[%emt 0:01:48]} 15. Ne4 {[%emt 0:00:14]} Ndb6 {[%emt 0:02:23]} 16. Qc2 {[%emt 0:05:23]} Nd6 {[%emt 0:01:47]} 17. Neg5 {[%emt 0:01:31]} h6 {[%emt 0:02:56]} 18. Qh7+ {[%emt 0:07:15]} Kf8 {[%emt 0:00:32]} 19. h4 {[%emt 0:01:18]} Ke7 {[%emt 0:09:28]} 20. Ba3 {[%emt 0:14:22]} Rh8 {[%emt 0:04:03]} 21. Qg6 {[%emt 0:00:52]} hxg5 {[%emt 0:03:21]} 22. hxg5 {[%emt 0:00:07]} Kd7 {[%emt 0:03:59]} 23. gxf6 {[%emt 0:00:32]} gxf6 {[%emt 0:01:46]} 24. Qg7+ {[%emt 0:01:00]} Qe7 {[%emt 0:00:17]} 25. Ne5+ {[%emt 0:00:02]} fxe5 {[%emt 0:00:09]} 26. Qxe7+ {[%emt 0:00:00]} Kxe7 {[%emt 0:00:05]} 27. dxe5 {[%emt 0:00:00]} Nd5 {[%emt 0:01:47]} 28. Bxd6+ {[%emt 0:01:25]} Kd7 {[%emt 0:07:12]} 29. g3 {[%emt 0:02:10]} Rh5 {[%emt 0:02:21]} 30. Kg2 {[%emt 0:02:26]} Rah8 {[%emt 0:00:39]} 31. Rh1 {[%emt 0:00:19]} Rxh1 {[%emt 0:02:02]} 32. Rxh1 {[%emt 0:01:05]} Rxh1 {[%emt 0:00:00]} 33. Kxh1 {[%emt 0:00:01]} Nc3 {[%emt 0:00:00]} 34. a4 {[%emt 0:10:23]} Ne4 {[%emt 0:00:00]} 35. Kg2 {[%emt 0:00:39]} a5 {[%emt 0:03:43]} 36. g4 {[%emt 0:07:56]} b5 {[%emt 0:04:04]} 37. f4 {[%emt 0:01:26]} b4 {[%emt 0:14:31]} 38. g5 {[%emt 0:00:52]} c5 {[%emt 0:02:18]} 39. g6 {[%emt 0:03:07]} Ke8 {[%emt 0:00:04]} 40. Kf3 {[%emt 0:04:02]} Nd2+ {[%emt 0:00:45]} 41. Ke3 {[%emt 0:00:23]} Nxb3 {[%emt 0:00:15]} 42. f5 {[%emt 0:00:06]} exf5 {[%emt 0:03:41]} 43. e6 {[%emt 0:00:01]} f4+ {[%emt 0:00:21]} 44. Ke4 {[%emt 0:00:46]} 1-0

[Event "Eurasia Open Cup 2018"]
[Site "Jekaterienburg"]
[Date "2018.08.04"]
[Round "4"]
[White "Sorokin, Aleksey"]
[Black "Drygalov, Sergey"]
[Result "1/2-1/2"]
[WhiteElo "2519"]
[BlackElo "2433"]
[Annotator "ChessBase"]
[PlyCount "81"]
[EventDate "2018.08.01"]
[EventType "swiss"]
[EventCountry "RUS"]
[SourceTitle "playchess.com"]
[Source "ChessBase"]
[SourceQuality "1"]
[TimeControl "5400+30"]

1. d4 {[%emt 0:00:00]} d5 {[%emt 0:00:00]} 2. c4 {[%emt 0:00:01]} c6 {[%emt 0:00:00]} 3. Nf3 {[%emt 0:00:09]} Nf6 {[%emt 0:00:00]} 4. Nc3 {[%emt 0:01:04]} e6 {[%emt 0:00:00]} 5. e3 {[%emt 0:01:05]} Nbd7 {[%emt 0:00:00]} 6. Qc2 {[%emt 0:00:29]} Bd6 {[%emt 0:00:02]} 7. b3 {[%emt 0:01:27]} O-O {[%emt 0:00:49]} 8. Bb2 {[%emt 0:01:40]} b6 {[%emt 0:03:13]} 9. Bd3 {[%emt 0:02:37]} Bb7 {[%emt 0:08:01]} 10. O-O {[%emt 0:01:15]} Qe7 {[%emt 0:00:51]} 11. cxd5 {[%emt 0:11:42]} cxd5 {[%emt 0:18:34]} 12. Nb5 {[%emt 0:00:34]} Rfc8 {[%emt 0:01:41]} 13. Qe2 {[%emt 0:01:30]} Ne4 {[%emt 0:02:58]} 14. Rfc1 {[%emt 0:03:54]} a6 {[%emt 0:21:29]} 15. Nxd6 {[%emt 0:01:14]} Qxd6 {[%emt 0:01:47]} 16. Ne1 {[%emt 0:06:11]} b5 {[%emt 0:02:53]} 17. f3 {[%emt 0:02:58]} Nef6 {[%emt 0:00:40]} 18. Nc2 {[%emt 0:02:09]} Qb6 {[%emt 0:01:14]} 19. Rab1 {[%emt 0:10:10]} b4 {[%emt 0:04:51]} 20. a3 {[%emt 0:03:50]} bxa3 {[%emt 0:01:03]} 21. Bxa3 {[%emt 0:01:57]} a5 {[%emt 0:00:54]} 22. Be7 {[%emt 0:04:08]} Re8 {[%emt 0:04:21]} 23. Ba3 {[%emt 0:01:03]} Rec8 {[%emt 0:01:18]} 24. Ne1 {[%emt 0:03:31]} Rxc1 {[%emt 0:03:08]} 25. Bxc1 {[%emt 0:00:17]} Ne8 {[%emt 0:01:59]} 26. Qa2 {[%emt 0:04:31]} Nd6 {[%emt 0:01:40]} 27. Ra1 {[%emt 0:02:30]} Bc6 {[%emt 0:02:59]} 28. Ba3 {[%emt 0:01:46]} Nb5 {[%emt 0:01:05]} 29. Qc2 {[%emt 0:03:25]} h6 {[%emt 0:04:36]} 30. Bc5 {[%emt 0:01:13]} Nxc5 {[%emt 0:01:00]} 31. Qxc5 {[%emt 0:00:02]} Qb7 {[%emt 0:01:32]} 32. Rc1 {[%emt 0:02:41]} Bd7 {[%emt 0:01:27]} 33. Qc2 {[%emt 0:03:27]} Rc8 {[%emt 0:02:10]} 34. Qd2 {[%emt 0:00:15]} Rxc1 {[%emt 0:01:15]} 35. Qxc1 {[%emt 0:00:02]} Qc6 {[%emt 0:00:32]} 36. Qc2 {[%emt 0:03:30]} Qxc2 {[%emt 0:00:48]} 37. Nxc2 {[%emt 0:00:17]} Kf8 {[%emt 0:00:30]} 38. Kf1 {[%emt 0:00:27]} Ke7 {[%emt 0:00:42]} 39. Ke1 {[%emt 0:00:13]} Kd6 {[%emt 0:00:20]} 40. Kd2 {[%emt 0:00:18]} Na7 {[%emt 0:00:20]} 41. Kc3 {[%emt 0:00:10]} 1/2-1/2

[Event "Eurasia Open Cup 2018"]
[Site "Jekaterienburg"]
[Date "2018.08.04"]
[Round "4"]
[White "Tsydypov, Zhamsaran"]
[Black "Shapiro, David"]
[Result "0-1"]
[WhiteElo "2514"]
[BlackElo "2326"]
[Annotator "TA"]
[PlyCount "104"]
[EventDate "2018.08.01"]
[EventType "swiss"]
[EventCountry "RUS"]
[SourceTitle "playchess.com"]
[Source "ChessBase"]
[SourceQuality "1"]

{[%evp 27,104,-26,-22,-30,0,0,0,-25,-17,-24,0,0,0,0,0,0,0,0,0,-85,-83,-148,-73,-69,-74,-113,-46,-92,-97,-154,-133,-167,-172,-166,-179,-177,-177,-173,-172,-129,-143,-179,-145,-165,-93,-101,-91,-110,-121,-109,-111,-47,-10,-403,-377,-363,-368,-362,-236,-1604,-1499,-1562,-1516,-1335,-1267,-1031,-777,-4614,-4614,-4614,-4614,-4614,-4614,-4586,-1623,-29979,-29980,-29981,-29980]} 1. e4 e5 2. Nf3 Nf6 3. Nxe5 d6 4. Nf3 Nxe4 5. d4 d5 6. Bd3 Bd6 7. O-O O-O 8. c4 c6 9. Qc2 Na6 {[%cal Bb8a6,Ba6c7,Bc7e6][%mdl 32]} 10. a3 f5 11. Nc3 {[%cal Bb1c3,Bc3e2,Be2g3,Bg3e4,Be4d6][%mdl 32]} Nc7 12. c5 {C42: Petroff Defence: 3 Nxe5 and unusual White 3rd moves} (12. Be3 Kh8 13. c5 Be7 14. Ne2 Bf6 15. Ne5 Ne6 16. f3 N4xc5 17. Nxc6 bxc6 18. dxc5 f4 19. Bf2 h6 {½-½ (32) Idani,P (2578)-Jobava,B (2714) Bandar e Anzali 2017}) 12... Be7 13. Ne2 Bf6 14. b4 Ne6 {LiveBook: 5 Games} 15. Rb1 $146 ({Predecessor:} 15. Bb2 Qc7 16. Ne1 Bg5 17. Nf3 Bf6 18. Ne1 Bg5 19. Nf3 Bf6 {½-½ (19) Wan,Y (2492)-Liu,Q (2502) China 2017}) 15... g5 {[%cal Bg7g5,Bg5g4][%mdl 32]} 16. Bb2 Qe7 17. Ng3 Bh8 18. Rbe1 g4 19. Ne5 $1 ({Reject} 19. Bxe4 fxe4 20. Ne5 Nxd4 $17) 19... Nxd4 20. Bxd4 {aiming for Qb2.} Bxe5 21. Nxe4 Bxd4 ({Much weaker is} 21... fxe4 $6 22. Bxe4 $1 {[%mdl 512]} dxe4 23. Rxe4 $16) 22. Nd6 Qf6 23. Qe2 (23. Re8 $11 {remains equal.}) 23... b6 $17 24. Qc2 ({White should play} 24. Nxc8 Raxc8 25. cxb6) 24... Be5 (24... Bd7 $142 25. Rc1 a5) 25. Nxc8 Raxc8 26. Re2 Rce8 (26... bxc5 $17 27. bxc5 Rc7) 27. Rfe1 bxc5 $40 {[%mdl 128] Black wants a kill.} 28. bxc5 (28. Qxc5 $142 f4 29. Qxa7) 28... f4 {Hoping for ...f3.} 29. Bxh7+ Kg7 {Threatens to win with ...g3.} 30. Qg6+ Qxg6 31. Bxg6 Kxg6 32. Rxe5 Rxe5 33. Rxe5 $19 {[%mdl 4096] Endgame KR-KR} Kf6 34. Rh5 Rb8 {[%cal Rb8b1]} 35. Kf1 Rb1+ (35... d4 $1 $19 36. Rh6+ Ke5 37. Rxc6 f3 38. gxf3 gxf3) 36. Ke2 $17 Rb2+ 37. Ke1 Rc2 38. Rh6+ Ke5 39. Rxc6 Ke4 {White must now prevent ...Kd3.} 40. Kd1 $2 {[%mdl 8192]} (40. f3+ $1 $11 {and White has nothing to worry.} gxf3 41. gxf3+ Kxf3 42. Rc7) 40... Rxf2 $19 41. Rd6 {intending c6.} d4 $1 (41... Rxg2 42. c6 $17) 42. c6 {[#]} Kd3 $1 {[%cal Rf2f1]} 43. Kc1 $2 (43. Ke1 Rxg2 44. c7) 43... Rc2+ (43... Rxg2 {[#]} 44. Rxd4+ $1 {[%mdl 512]} Kxd4 45. c7 $11) 44. Kb1 Rc5 ({Not} 44... Rxg2 $2 45. c7 $18) 45. Rf6 Ke3 46. Re6+ Kf2 47. Re4 f3 48. gxf3 gxf3 49. Rxd4 Rxc6 50. Rd8 Rg6 (50... Kg1 $142 51. Rg8+ Kxh2) 51. h4 Kg2 52. h5 Rg5 {Precision: White = 35%, Black = 77%.} 0-1